[Event "Madrid-ch Previa B 2014-2015"]
[Site "Madrid ESP"]
[Date "2015.02.05"]
[Round "1.1"]
[White "Saribekyan, Garnik"]
[Black "Martin Hernandez, Vicente"]
[Result "1/2-1/2"]
[WhiteElo "1678"]
[BlackElo "1935"]
[PlyCount "84"]
[EventDate "2015.02.05"]
[EventType "swiss"]
[EventRounds "9"]
[EventCountry "ESP"]
[Source "lmi"]
[SourceDate "2015.02.05"]

1. e4 c5 2. Nf3 d6 3. d4 cxd4 4. Nxd4 Nf6 5. Nc3 a6 6. h3 e5 7. Nde2 Be7 8. g4
h6 9. Bg2 Nc6 10. Be3 Be6 11. Qd2 Qa5 12. Nd5 Qxd2+ 13. Bxd2 O-O 14. O-O-O b5
15. Nec3 Bxd5 16. Nxd5 Nxd5 17. exd5 Nd4 18. Kb1 f5 19. c3 Ne2 20. Rhe1 Nxc3+
21. Bxc3 fxg4 22. Re2 gxh3 23. Bxh3 Rf6 24. Be6+ Kh7 25. Rc1 Raf8 26. Be1 Rf3
27. Rc3 Bh4 28. Kc2 Rxc3+ 29. Kxc3 Rf3+ 30. Kc2 h5 31. Kd1 Kg6 32. Re3 Rxe3 33.
fxe3 Bxe1 34. Kxe1 b4 35. Kf2 Kf6 36. Kg3 g5 37. e4 a5 38. Bf5 Kf7 39. Bd7 Ke7
40. Bb5 Kf7 41. Be2 Kg6 42. Bd1 Kh6 1/2-1/2

[Event "Madrid-ch Previa B 2014-2015"]
[Site "Madrid ESP"]
[Date "2015.02.05"]
[Round "1.2"]
[White "Marcos Herrero, Francisco"]
[Black "Andrade Sandoval, Bianca"]
[Result "1-0"]
[WhiteElo "1921"]
[BlackElo "1668"]
[PlyCount "67"]
[EventDate "2015.02.05"]
[EventType "swiss"]
[EventRounds "9"]
[EventCountry "ESP"]
[Source "lmi"]
[SourceDate "2015.02.05"]

1. Nf3 d5 2. c4 e6 3. d4 Nf6 4. g3 b6 5. Bg2 Bb7 6. cxd5 Bxd5 7. Nc3 Bb7 8. O-O
Nbd7 9. Bf4 Nd5 10. Rc1 Nxf4 11. gxf4 Bd6 12. e3 a6 13. Qc2 Nf6 14. Ne5 Bxg2
15. Kxg2 O-O 16. Rfd1 Nh5 17. Qe4 Re8 18. Qf3 g6 19. Ne4 Ng7 20. Qh3 Be7 21.
Qf3 Nf5 22. Kg1 Nh4 23. Qe2 Qd5 24. f3 f5 25. Nc3 Qb7 26. Qf2 Bf6 27. d5 exd5
28. Nxd5 Bxe5 29. fxe5 Rxe5 30. Nf6+ Kf7 31. Qxh4 Qxf3 32. Rxc7+ Re7 33. Qxh7+
Kxf6 34. Qxe7# 1-0

[Event "Madrid-ch Previa B 2014-2015"]
[Site "Madrid ESP"]
[Date "2015.02.05"]
[Round "1.3"]
[White "Barragan Panal, Juan Jose"]
[Black "Ruiz Sanchez, Roberto"]
[Result "0-1"]
[WhiteElo "1643"]
[BlackElo "1897"]
[PlyCount "116"]
[EventDate "2015.02.05"]
[EventType "swiss"]
[EventRounds "9"]
[EventCountry "ESP"]
[Source "lmi"]
[SourceDate "2015.02.05"]

1. d4 d5 2. c4 c6 3. Nf3 Nf6 4. Nc3 dxc4 5. a4 Bf5 6. e3 e6 7. Bxc4 Bb4 8. Bd2
O-O 9. O-O Nbd7 10. Nh4 Bg4 11. f3 Bh5 12. g4 Bg6 13. Nxg6 hxg6 14. g5 Nd5 15.
f4 Qa5 16. Nxd5 exd5 17. Bxb4 Qxb4 18. Bb3 Rfe8 19. Qd3 Nb6 20. f5 Qe7 21. f6
Qxe3+ 22. Qxe3 Rxe3 23. Bc2 Rae8 24. fxg7 Nc4 25. Rf2 Re1+ 26. Rxe1 Rxe1+ 27.
Kg2 Ne3+ 28. Kf3 Nxc2 29. Rxc2 Rf1+ 30. Ke3 Kxg7 31. Rd2 Ra1 32. b3 Rb1 33. Rd3
Rh1 34. Rd2 Kf8 35. Kf3 Rf1+ 36. Ke3 Rb1 37. Rd3 Rb2 38. h3 Ke7 39. Kf4 Re2 40.
Kf3 Re1 41. Kf4 Ke6 42. Rf3 Re4+ 43. Kg3 Rxd4 44. Rf6+ Ke7 45. Rf3 c5 46. Rc3
c4 47. bxc4 Rxc4 48. Rb3 b6 49. a5 bxa5 50. Rb7+ Ke6 51. Rxa7 a4 52. Ra6+ Ke5
53. Rf6 a3 54. Rxf7 Ra4 55. Rf1 a2 56. Ra1 Kf5 57. h4 Ra3+ 58. Kf2 Kg4 0-1

[Event "Madrid-ch Previa B 2014-2015"]
[Site "Madrid ESP"]
[Date "2015.02.05"]
[Round "1.4"]
[White "Dominguez Alfara, Miguel"]
[Black "Rottenwoehrer Suarez, Juan"]
[Result "0-1"]
[WhiteElo "1897"]
[BlackElo "1640"]
[PlyCount "92"]
[EventDate "2015.02.05"]
[EventType "swiss"]
[EventRounds "9"]
[EventCountry "ESP"]
[Source "lmi"]
[SourceDate "2015.02.05"]

1. d4 Nf6 2. Nf3 g6 3. e3 Bg7 4. Be2 c5 5. O-O O-O 6. c4 cxd4 7. exd4 d5 8. c5
Nc6 9. Nc3 b6 10. Ne5 Bb7 11. Nxc6 Bxc6 12. Bf4 bxc5 13. dxc5 d4 14. Nb5 Ne4
15. f3 Nxc5 16. Nc7 Rc8 17. Rc1 d3 18. Kh1 dxe2 19. Qxe2 e5 20. Bxe5 Bxe5 21.
Rxc5 Qxc7 22. Rxe5 Rfe8 23. Rxe8+ Rxe8 24. Qc2 Re6 25. b4 Qe5 26. Rg1 Qe2 27.
Qxe2 Rxe2 28. Ra1 Rb2 29. a3 Bd5 30. h3 Be6 31. Rc1 Rb3 32. Ra1 Kf8 33. Kh2 Ke7
34. Kg3 Kd6 35. Kf4 Kc6 36. Rc1+ Kb6 37. Ra1 Kb5 38. g4 Ka4 39. Rd1 Rxa3 40.
Rd8 Kxb4 41. Rh8 Rc3 42. Rxh7 Rc5 43. h4 a5 44. Rh8 a4 45. Rb8+ Rb5 46. Ra8 a3
0-1

[Event "Madrid-ch Previa B 2014-2015"]
[Site "Madrid ESP"]
[Date "2015.02.05"]
[Round "1.5"]
[White "Castro Uceda, Jose Antonio"]
[Black "Morera Rodriguez, Ignacio"]
[Result "1-0"]
[WhiteElo "1604"]
[BlackElo "1887"]
[PlyCount "145"]
[EventDate "2015.02.05"]
[EventType "swiss"]
[EventRounds "9"]
[EventCountry "ESP"]
[Source "lmi"]
[SourceDate "2015.02.05"]

1. d4 Nf6 2. c4 g6 3. Nc3 d5 4. cxd5 Nxd5 5. Nxd5 Qxd5 6. Bf4 Bg7 7. e3 Qa5+ 8.
Qd2 Qxd2+ 9. Kxd2 c5 10. Rc1 O-O 11. Rxc5 Nd7 12. Rc2 Nf6 13. Bd3 Nd5 14. Ne2
Nb4 15. Rc7 e5 16. Bxe5 Bxe5 17. dxe5 Rd8 18. Nd4 Nxa2 19. Ke2 Nb4 20. Bc4 Nd5
21. Bxd5 Rxd5 22. f4 b6 23. Rhc1 Ba6+ 24. Kf2 Ra5 25. R1c2 Bd3 26. Rd2 Be4 27.
Ne2 Rd5 28. Nd4 a6 29. Rd1 Rb8 30. Rdc1 Rc5 31. e6 fxe6 32. Nxe6 Rxc1 33. Rxc1
h6 34. g4 a5 35. h4 Kf7 36. Nd4 a4 37. Nb5 Rd8 38. Nd4 b5 39. Rc7+ Ke8 40. Rc5
b4 41. Re5+ Kf7 42. Rxe4 a3 43. bxa3 bxa3 44. Nb3 Rb8 45. Nc1 Rb1 46. Ra4 Rxc1
47. Rxa3 Rc2+ 48. Kf3 Rc1 49. Ra7+ Kg8 50. g5 h5 51. Ra3 Rh1 52. Kg3 Rg1+ 53.
Kh3 Re1 54. Kg2 Re2+ 55. Kf3 Rh2 56. Kg3 Re2 57. Rd3 Kf8 58. Kf3 Rh2 59. Rd6
Kf7 60. Rf6+ Kg7 61. Kg3 Re2 62. Re6 Kf7 63. Re5 Re1 64. f5 Rg1+ 65. Kh2 Rg4
66. fxg6+ Kxg6 67. Kh3 Rg1 68. Re4 Re1 69. Kg3 Rf1 70. Re6+ Kg7 71. Rh6 Re1 72.
Kf4 Rf1+ 73. Ke5 1-0

[Event "Madrid-ch Previa B 2014-2015"]
[Site "Madrid ESP"]
[Date "2015.02.05"]
[Round "1.6"]
[White "Aguilera Lopez, Alejandro"]
[Black "Mosteiro Montoro, Alvaro"]
[Result "1-0"]
[WhiteElo "1879"]
[BlackElo "1591"]
[PlyCount "58"]
[EventDate "2015.02.05"]
[EventType "swiss"]
[EventRounds "9"]
[EventCountry "ESP"]
[Source "lmi"]
[SourceDate "2015.02.05"]

1. d4 d5 2. Nf3 g6 3. Bf4 Bg7 4. e3 Nf6 5. c4 c6 6. Nc3 Nbd7 7. Bd3 O-O 8. O-O
Re8 9. cxd5 Nxd5 10. Nxd5 cxd5 11. Qb3 e6 12. Rac1 Qb6 13. Qc3 a6 14. Bc7 Qa7
15. Bd6 Qb6 16. Bc7 Qa7 17. a4 Nb8 18. b4 Nc6 19. b5 axb5 20. axb5 Qa3 21. bxc6
bxc6 22. Qxc6 Bb7 23. Qxb7 Qxd3 24. Be5 Qf5 25. Rc7 Reb8 26. Qc6 Bxe5 27. Nxe5
Ra2 28. Rxf7 Qb1 29. Qc1 Qb4 1-0

[Event "Madrid-ch Previa B 2014-2015"]
[Site "Madrid ESP"]
[Date "2015.02.05"]
[Round "1.7"]
[White "Barragan Arriaza, Pablo"]
[Black "Martinez Rubio, Felipe"]
[Result "0-1"]
[WhiteElo "1585"]
[BlackElo "1807"]
[PlyCount "100"]
[EventDate "2015.02.05"]
[EventType "swiss"]
[EventRounds "9"]
[EventCountry "ESP"]
[Source "lmi"]
[SourceDate "2015.02.05"]

1. c4 c5 2. g3 g6 3. Bg2 Bg7 4. Nc3 Nc6 5. d3 e6 6. Bf4 d6 7. Qa4 Nge7 8. e4
O-O 9. Nge2 Nb4 10. Qd1 e5 11. Be3 a6 12. O-O f5 13. a3 Nbc6 14. f4 Nd4 15.
fxe5 dxe5 16. Nd5 Nxd5 17. cxd5 b6 18. Nxd4 cxd4 19. Bd2 Rf7 20. Rc1 Bd7 21.
Qb3 Rb8 22. Rc2 Qe8 23. Qa2 Bb5 24. Rf3 Kh8 25. Bb4 Bh6 26. Bd2 Bg7 27. Bb4
Rbb7 28. b3 a5 29. Be1 Qd7 30. a4 Ba6 31. Rc6 Bf8 32. Qc2 Bc5 33. Bxa5 Qe7 34.
Re6 Qf8 35. Bd2 fxe4 36. Rxf7 Rxf7 37. Bxe4 Rf1+ 38. Kg2 Qf2+ 39. Kh3 Bc8 40.
b4 Bxe6+ 41. dxe6 Be7 42. Qc8+ Kg7 43. Qd7 Qf6 44. a5 bxa5 45. bxa5 Rd1 46. Bf4
exf4 47. gxf4 Kh6 48. a6 Qh4+ 49. Kg2 Qg4+ 50. Kf2 Bh4# 0-1

[Event "Madrid-ch Previa B 2014-2015"]
[Site "Madrid ESP"]
[Date "2015.02.05"]
[Round "1.8"]
[White "Aragon Gutierrez, Alejandro"]
[Black "Moro Serrano, Federico"]
[Result "1-0"]
[WhiteElo "1806"]
[BlackElo "1585"]
[PlyCount "111"]
[EventDate "2015.02.05"]
[EventType "swiss"]
[EventRounds "9"]
[EventCountry "ESP"]
[Source "lmi"]
[SourceDate "2015.02.05"]

1. c4 Nf6 2. Nc3 d5 3. cxd5 Nxd5 4. g3 g6 5. Bg2 Nb6 6. d3 Bg7 7. Nf3 O-O 8.
Bg5 Nc6 9. Qd2 Re8 10. h4 h5 11. Rc1 Nd4 12. Nxd4 Bxd4 13. Nb5 Be5 14. Bf4 Bxf4
15. Qxf4 e5 16. Qh6 c6 17. Nc3 Qf6 18. Ne4 Qg7 19. Qg5 Nd5 20. Nd6 Rf8 21. Bxd5
cxd5 22. Qe7 f6 23. Qxg7+ Kxg7 24. Rc7+ Kg8 25. Kd2 Rd8 26. Nxc8 Raxc8 27. Rxb7
Rb8 28. Rxb8 Rxb8 29. b3 Kf7 30. Rc1 Rb7 31. Rc6 Ke7 32. Kc3 g5 33. hxg5 fxg5
34. Rh6 Rc7+ 35. Kb2 h4 36. gxh4 gxh4 37. Rxh4 Kf6 38. Rh6+ Kg5 39. Rh8 Rf7 40.
Rh2 Kf4 41. b4 Rb7 42. Kb3 a5 43. a3 axb4 44. axb4 Kf5 45. Rh6 Kg4 46. Ka4 Kf4
47. b5 e4 48. dxe4 dxe4 49. Ka5 e3 50. fxe3+ Kxe3 51. Re6+ Kd4 52. Ka6 Rb8 53.
b6 Kc5 54. b7 Rh8 55. Ka7 Rh7 56. Ka8 1-0

[Event "Madrid-ch Previa B 2014-2015"]
[Site "Madrid ESP"]
[Date "2015.02.05"]
[Round "1.9"]
[White "Lopez Ziegler, Juan Jose"]
[Black "Pashov Spas, Nikolov"]
[Result "1-0"]
[WhiteElo "1573"]
[BlackElo "1802"]
[PlyCount "47"]
[EventDate "2015.02.05"]
[EventType "swiss"]
[EventRounds "9"]
[EventCountry "ESP"]
[Source "lmi"]
[SourceDate "2015.02.05"]

1. d4 Nf6 2. Nf3 d5 3. Bf4 e6 4. e3 c5 5. Nbd2 Nc6 6. c3 Bd6 7. Ne5 O-O 8. Bd3
h6 9. O-O Bxe5 10. dxe5 Nd7 11. Qh5 f5 12. Nf3 Qe8 13. Qh4 Ne7 14. Qg3 Kh7 15.
h4 Rg8 16. Qh3 Qh5 17. g4 Qg6 18. h5 Qf7 19. Kh1 Rh8 20. g5 Kg8 21. gxh6 gxh6
22. Rg1+ Kf8 23. Rg2 Ke8 24. Rag1 1-0

[Event "Madrid-ch Previa B 2014-2015"]
[Site "Madrid ESP"]
[Date "2015.02.05"]
[Round "1.10"]
[White "Cuellar Gutierrez, Raul"]
[Black "Martinez Carrasco, Jesus"]
[Result "1-0"]
[WhiteElo "1781"]
[BlackElo "1568"]
[PlyCount "67"]
[EventDate "2015.02.05"]
[EventType "swiss"]
[EventRounds "9"]
[EventCountry "ESP"]
[Source "lmi"]
[SourceDate "2015.02.05"]

1. c4 e5 2. Nc3 Nf6 3. Nf3 Nc6 4. e4 d6 5. d3 b6 6. h3 Bb7 7. Be2 Be7 8. Be3
O-O 9. Qd2 Re8 10. O-O-O Bf8 11. g4 g6 12. Rdg1 Bc8 13. Ng5 Nd4 14. h4 Nxe2+
15. Qxe2 h6 16. Nh3 Nh7 17. Qd2 Nf6 18. g5 Ng4 19. gxh6 Nxe3 20. Qxe3 Qxh4 21.
Ng5 Qxh6 22. Rxh6 Bxh6 23. Rh1 Bg7 24. Nd5 Rb8 25. Nh7 Re6 26. Qh3 c6 27. Ne3
g5 28. Qg3 Rg6 29. Nf5 Bxf5 30. exf5 Rh6 31. Rxh6 Bxh6 32. Nf6+ Kg7 33. Ng4 f6
34. Nxh6 1-0

[Event "Madrid-ch Previa B 2014-2015"]
[Site "Madrid ESP"]
[Date "2015.02.06"]
[Round "2.1"]
[White "Fernandez Rodriguez, Fernando"]
[Black "Marcos Herrero, Francisco"]
[Result "1/2-1/2"]
[WhiteElo "1746"]
[BlackElo "1921"]
[PlyCount "77"]
[EventDate "2015.02.05"]
[EventType "swiss"]
[EventRounds "9"]
[EventCountry "ESP"]
[Source "lmi"]
[SourceDate "2015.02.05"]

1. d4 Nf6 2. c4 c5 3. d5 b5 4. Qc2 bxc4 5. e4 g6 6. Bxc4 d6 7. Nf3 Bg7 8. h3
O-O 9. O-O Ba6 10. Bxa6 Nxa6 11. Nc3 Rb8 12. Bf4 Qb6 13. Rab1 Nd7 14. Rfe1 Qb4
15. Bg3 Rb7 16. e5 dxe5 17. Nxe5 Nxe5 18. Bxe5 Bxe5 19. Rxe5 Rfb8 20. Qe2 c4
21. Re4 Rc8 22. Nd1 Qb5 23. Rxe7 Qxd5 24. Rxb7 Qxb7 25. Rc1 Qd7 26. Ne3 Nb4 27.
a3 Nd3 28. Rxc4 Re8 29. Qc2 Qd6 30. Rc8 Rxc8 31. Qxc8+ Kg7 32. Ng4 Qd4 33. Qc3
Qxc3 34. bxc3 Nb2 35. Ne3 Kf6 36. Kf1 Na4 37. Nd1 Ke5 38. Ke2 Kd5 39. Kd2
1/2-1/2

[Event "Madrid-ch Previa B 2014-2015"]
[Site "Madrid ESP"]
[Date "2015.02.06"]
[Round "2.2"]
[White "Ruiz Sanchez, Roberto"]
[Black "Yeves Miquel, Enrique"]
[Result "1/2-1/2"]
[WhiteElo "1897"]
[BlackElo "1715"]
[PlyCount "81"]
[EventDate "2015.02.05"]
[EventType "swiss"]
[EventRounds "9"]
[EventCountry "ESP"]
[Source "lmi"]
[SourceDate "2015.02.05"]

1. d4 Nf6 2. c4 e6 3. Nc3 Bb4 4. e3 b6 5. Bd3 Bb7 6. f3 d5 7. Nge2 O-O 8. O-O
Nbd7 9. a3 Be7 10. e4 dxe4 11. fxe4 e5 12. d5 a5 13. Ng3 Bc5+ 14. Kh1 Ne8 15.
Rb1 Ba6 16. Bd2 Be7 17. Qg4 Ndf6 18. Qe2 Nd6 19. Nd1 Nd7 20. Ne3 g6 21. Ng4 Bg5
22. Rf2 Bxd2 23. Qxd2 Qh4 24. Ne3 Nf6 25. Qc2 Ng4 26. Nxg4 Qxg4 27. Rbf1 h5 28.
Ne2 Kg7 29. Ng1 f6 30. Rf3 h4 31. a4 Rf7 32. b3 Rh8 33. h3 Qh5 34. Be2 Qh6 35.
Rc3 g5 36. Bg4 Bc8 37. Bxc8 Rxc8 38. Nf3 Qh7 39. Re1 c6 40. Nh2 cxd5 41. exd5
1/2-1/2

[Event "Madrid-ch Previa B 2014-2015"]
[Site "Madrid ESP"]
[Date "2015.02.06"]
[Round "2.3"]
[White "De Dompablo Fantova, Juan"]
[Black "Aguilera Lopez, Alejandro"]
[Result "0-1"]
[WhiteElo "1722"]
[BlackElo "1879"]
[PlyCount "103"]
[EventDate "2015.02.05"]
[EventType "swiss"]
[EventRounds "9"]
[EventCountry "ESP"]
[Source "lmi"]
[SourceDate "2015.02.05"]

1. e4 c5 2. b3 Nc6 3. Nf3 e6 4. Bb2 d5 5. exd5 exd5 6. Bb5 Nf6 7. O-O Bd6 8.
Re1+ Be6 9. Ng5 O-O 10. Nxe6 fxe6 11. Bxc6 bxc6 12. Rxe6 Ne4 13. Qg4 Qc7 14.
Rxd6 Nxd6 15. Be5 Qe7 16. f4 Nf5 17. Nc3 Nd4 18. Re1 Nxc2 19. Re2 Qf7 20. Bd6
Rfe8 21. Be5 Nd4 22. Re3 h5 23. Qd1 Ne6 24. Rg3 Qf5 25. Ne2 Re7 26. Rh3 Ng5 27.
Rg3 Ne4 28. Re3 Rf8 29. Rf3 Ref7 30. Ng3 Nxg3 31. Rxg3 Qh7 32. Rg5 g6 33. Qc2
Rf5 34. Qxc5 Rxg5 35. fxg5 Qd7 36. Qc2 Qf5 37. Qxf5 Rxf5 38. Bf6 Kf7 39. d4 Ke6
40. b4 Kd6 41. a4 Ke6 42. Bd8 Rf4 43. Bf6 Kf5 44. g3 Rf3 45. a5 Ke4 46. Kg2 Rd3
47. Be7 Kxd4 48. Kh3 Ke4 49. Kg2 d4 50. Kf1 Ke3 51. Bc5 a6 52. h4 0-1

[Event "Madrid-ch Previa B 2014-2015"]
[Site "Madrid ESP"]
[Date "2015.02.06"]
[Round "2.4"]
[White "Martinez Rubio, Felipe"]
[Black "Castro Uceda, Jose Antonio"]
[Result "0-1"]
[WhiteElo "1807"]
[BlackElo "1604"]
[PlyCount "70"]
[EventDate "2015.02.05"]
[EventType "swiss"]
[EventRounds "9"]
[EventCountry "ESP"]
[Source "lmi"]
[SourceDate "2015.02.05"]

1. e4 c5 2. Nf3 d6 3. d4 cxd4 4. Nxd4 Nf6 5. Nc3 a6 6. Bc4 e6 7. O-O Be7 8. Qe2
O-O 9. Rd1 Qc7 10. Bb3 Nc6 11. a3 Nxd4 12. Rxd4 b5 13. Kh1 Bb7 14. f3 Rfe8 15.
Bg5 Qc5 16. Be3 Qh5 17. Qf2 d5 18. exd5 exd5 19. Rh4 Qe5 20. Bd4 Qf5 21. Re1 b4
22. Re5 Qc8 23. axb4 Nd7 24. Rxe7 Rxe7 25. Rg4 Ne5 26. Rg5 Ng6 27. h4 Qc7 28.
h5 Rae8 29. g3 h6 30. Rf5 Qd7 31. g4 Ne5 32. Rf4 Nc4 33. Bc5 Qc7 34. Rd4 Re1+
35. Kg2 Ne3+ 0-1

[Event "Madrid-ch Previa B 2014-2015"]
[Site "Madrid ESP"]
[Date "2015.02.06"]
[Round "2.5"]
[White "Rottenwoerer, Christoph"]
[Black "Aragon Gutierrez, Alejandro"]
[Result "0-1"]
[WhiteElo "1689"]
[BlackElo "1806"]
[PlyCount "124"]
[EventDate "2015.02.05"]
[EventType "swiss"]
[EventRounds "9"]
[EventCountry "ESP"]
[Source "lmi"]
[SourceDate "2015.02.05"]

1. Nf3 d5 2. c4 c6 3. g3 Nf6 4. Bg2 e6 5. O-O Be7 6. cxd5 exd5 7. d4 O-O 8. Bg5
h6 9. Bxf6 Bxf6 10. Qb3 Nd7 11. Nc3 Re8 12. e3 Nb6 13. Nd2 Bf5 14. Ne2 Rb8 15.
Rac1 Nd7 16. Nf4 Qb6 17. Qxb6 Nxb6 18. b3 Rbd8 19. Rfe1 Be7 20. Nb1 Bd6 21. Bf3
Nd7 22. Ne2 Nf6 23. Nec3 Re7 24. a3 a5 25. Red1 Nh7 26. h4 g5 27. g4 Bc8 28.
hxg5 hxg5 29. Kh1 Nf6 30. Rg1 Kg7 31. Kg2 Nxg4 32. Bxg4 Bxg4 33. Kf1 Bh3+ 34.
Ke2 f6 35. Kd2 Bf5 36. Rh1 Rh8 37. Rxh8 Kxh8 38. Rh1+ Rh7 39. Rxh7+ Kxh7 40.
Kc1 Kh6 41. Kb2 Kh5 42. Nd2 Kg4 43. f3+ Kg3 44. e4 Be6 45. exd5 cxd5 46. Nb5
Bf4 47. Kc2 Bxd2 48. Kxd2 Kxf3 49. Ke1 g4 50. Kf1 f5 51. b4 axb4 52. axb4 f4
53. Nc7 Bf7 54. b5 Kg3 55. Kg1 f3 56. b6 f2+ 57. Kf1 Bg6 58. Ke2 Kg2 59. Nxd5
f1=Q+ 60. Kd2 Qf2+ 61. Kc3 Qf3+ 62. Kc4 Bf7 0-1

[Event "Madrid-ch Previa B 2014-2015"]
[Site "Madrid ESP"]
[Date "2015.02.06"]
[Round "2.6"]
[White "Rottenwohrer Suarez, Juan"]
[Black "Cuellar Gutierrez, Raul"]
[Result "1-0"]
[WhiteElo "1640"]
[BlackElo "1781"]
[PlyCount "115"]
[EventDate "2015.02.05"]
[EventType "swiss"]
[EventRounds "9"]
[EventCountry "ESP"]
[Source "lmi"]
[SourceDate "2015.02.05"]

1. Nf3 Nc6 2. d4 e6 3. c4 Nf6 4. Bg5 Be7 5. Nc3 d5 6. e3 b6 7. cxd5 Nxd5 8.
Bxe7 Ncxe7 9. Bd3 Bb7 10. O-O O-O 11. Rc1 Rc8 12. e4 Nf6 13. b4 Ng6 14. Re1 Re8
15. Qa4 Ra8 16. Nb5 c6 17. Na3 a5 18. b5 c5 19. e5 Nf4 20. Bf1 N6h5 21. dxc5
Bxf3 22. gxf3 bxc5 23. Rxc5 Nd3 24. Bxd3 Qxd3 25. Re3 Qd7 26. Qc4 Rad8 27. b6
Qe7 28. h4 Nf4 29. Qxf4 Rd1+ 30. Kg2 Qxc5 31. Rb3 Rb8 32. Nb5 Qc1 33. Qxc1 Rxc1
34. Nd6 f6 35. f4 fxe5 36. fxe5 Rc5 37. b7 h6 38. a3 Kh7 39. f4 g5 40. hxg5
hxg5 41. Rh3+ Kg6 42. Rg3 Rc2+ 43. Kf1 Rb2 44. Rxg5+ Kh6 45. Rg3 Rb1+ 46. Kg2
Kh7 47. Rc3 Rg8+ 48. Kf3 Kg6 49. Rc8 Rb3+ 50. Ke4 Rg7 51. b8=Q Rxb8 52. Rxb8
Ra7 53. Re8 Rc7 54. Rxe6+ Kh5 55. Kf5 a4 56. Rf6 Rc3 57. Rf8 Kh4 58. Ne4 1-0

[Event "Madrid-ch Previa B 2014-2015"]
[Site "Madrid ESP"]
[Date "2015.02.06"]
[Round "2.7"]
[White "Garcia Serrano, Jose M"]
[Black "Lopez Ziegler, Juan Jose"]
[Result "1/2-1/2"]
[WhiteElo "1773"]
[BlackElo "1573"]
[PlyCount "53"]
[EventDate "2015.02.05"]
[EventType "swiss"]
[EventRounds "9"]
[EventCountry "ESP"]
[Source "lmi"]
[SourceDate "2015.02.05"]

1. e4 e6 2. d4 d5 3. Nc3 Nf6 4. Bg5 dxe4 5. Nxe4 Be7 6. Bxf6 gxf6 7. Nf3 f5 8.
Ng3 a6 9. Bd3 h5 10. Ne5 h4 11. Nh5 c5 12. dxc5 Qa5+ 13. c3 Qxc5 14. Qe2 Rxh5
15. Qxh5 Qxe5+ 16. Be2 Bd7 17. O-O Bc6 18. Rfe1 Qg7 19. Bf1 Qf6 20. Bc4 Bd7 21.
Re3 b5 22. Bb3 Nc6 23. Rae1 O-O-O 24. a4 Na5 25. Bc2 Rh8 26. Qe2 Bc5 27. Rh3
1/2-1/2

[Event "Madrid-ch Previa B 2014-2015"]
[Site "Madrid ESP"]
[Date "2015.02.06"]
[Round "2.9"]
[White "Andrade Sandoval, Jim Carlos"]
[Black "Saribekyan, Garnik"]
[Result "0-1"]
[WhiteElo "1753"]
[BlackElo "1678"]
[PlyCount "88"]
[EventDate "2015.02.05"]
[EventType "swiss"]
[EventRounds "9"]
[EventCountry "ESP"]
[Source "lmi"]
[SourceDate "2015.02.05"]

1. d4 Nf6 2. Nf3 g6 3. c4 c6 4. Nc3 d5 5. e3 Bg7 6. cxd5 cxd5 7. Be2 O-O 8. O-O
Nc6 9. a3 Bf5 10. Ne5 Rc8 11. Nxc6 Rxc6 12. f3 h5 13. Bd3 Bxd3 14. Qxd3 Qd7 15.
Bd2 Rfc8 16. Rac1 Ne8 17. Na2 e6 18. Rxc6 Rxc6 19. Nb4 Rc7 20. Qb1 Nd6 21. b3
Bf8 22. a4 Nf5 23. Nd3 Bd6 24. Rc1 Kg7 25. Nc5 Bxc5 26. dxc5 e5 27. Qb2 f6 28.
Kf2 d4 29. e4 Ne7 30. f4 Qc6 31. fxe5 fxe5 32. Qb1 Ng8 33. Bg5 Nf6 34. Bxf6+
Qxf6+ 35. Kg1 Qc6 36. Rc4 Rf7 37. g3 Rf3 38. Rc1 Re3 39. Qc2 Rc3 40. Qd2 Rxc1+
41. Qxc1 Qxe4 42. Qg5 d3 43. Qe7+ Kh6 44. Qf8+ Kg5 0-1

[Event "Madrid-ch Previa B 2014-2015"]
[Site "Madrid ESP"]
[Date "2015.02.06"]
[Round "2.10"]
[White "Pashov, Spas Nikolov"]
[Black "Martin Rodriguez, Jose Luis"]
[Result "1-0"]
[WhiteElo "1802"]
[BlackElo "1467"]
[PlyCount "101"]
[EventDate "2015.02.05"]
[EventType "swiss"]
[EventRounds "9"]
[EventCountry "ESP"]
[Source "lmi"]
[SourceDate "2015.02.05"]

1. e4 e6 2. d4 d5 3. exd5 exd5 4. Bd3 Nf6 5. h3 Be6 6. Bg5 Nbd7 7. Nf3 Be7 8.
Nbd2 h6 9. Bh4 c5 10. dxc5 Nxc5 11. Nb3 Nxd3+ 12. Qxd3 Qb6 13. O-O O-O 14. c3
Rfe8 15. Nfd4 Nh5 16. Bxe7 Rxe7 17. Rfe1 Nf6 18. Re3 Rae8 19. Rae1 Ne4 20. Qb5
Qxb5 21. Nxb5 a6 22. N5d4 Kf8 23. f3 Ng3 24. Kf2 Nf5 25. Nxf5 Bxf5 26. Nc5 Bc8
27. h4 Rxe3 28. Rxe3 Rxe3 29. Kxe3 Ke7 30. Kd4 Kd6 31. Nd3 g5 32. Ne5 Be6 33.
h5 f5 34. g4 f4 35. Ng6 Bf7 36. a4 Be6 37. a5 Bd7 38. b3 Bb5 39. b4 Be2 40. Ne5
Ke6 41. c4 dxc4 42. Nxc4 Bxf3 43. Ne5 Be2 44. Ke4 Bd1 45. Kd4 Bb3 46. Nd3 Bd1
47. Nc5+ Ke7 48. Nxb7 Bxg4 49. b5 axb5 50. a6 Bf3 51. Kc5 1-0

[Event "Madrid-ch Previa B 2014-2015"]
[Site "Madrid ESP"]
[Date "2015.02.07"]
[Round "3.1"]
[White "Aguilera Lopez, Alejandro"]
[Black "Enfedaque Jimenez, Juan Carlos"]
[Result "1-0"]
[WhiteElo "1879"]
[BlackElo "1758"]
[PlyCount "57"]
[EventDate "2015.02.05"]
[EventType "swiss"]
[EventRounds "9"]
[EventCountry "ESP"]
[Source "lmi"]
[SourceDate "2015.02.05"]

1. d4 Nf6 2. Nf3 g6 3. Bg5 Bg7 4. e3 O-O 5. c4 d6 6. Nc3 a5 7. Be2 h6 8. Bh4 b6
9. O-O g5 10. Bg3 Nh5 11. Qc2 Nxg3 12. hxg3 f5 13. Rad1 Bb7 14. e4 f4 15. gxf4
Rxf4 16. d5 Nd7 17. g3 Rf7 18. Nd4 Nc5 19. Bg4 Bc8 20. Qe2 Bxg4 21. Qxg4 Bxd4
22. Rxd4 Qd7 23. Qh5 e5 24. Rd2 Kg7 25. f4 exf4 26. gxf4 Rxf4 27. Rxf4 gxf4 28.
Rg2+ Kh7 29. Qg6+ 1-0

[Event "Madrid-ch Previa B 2014-2015"]
[Site "Madrid ESP"]
[Date "2015.02.07"]
[Round "3.2"]
[White "Aragon Gutierrez, Alejandro"]
[Black "Rottenwoehrer Suarez, Juan"]
[Result "1/2-1/2"]
[WhiteElo "1806"]
[BlackElo "1640"]
[PlyCount "124"]
[EventDate "2015.02.05"]
[EventType "swiss"]
[EventRounds "9"]
[EventCountry "ESP"]
[Source "lmi"]
[SourceDate "2015.02.05"]

1. Nf3 Nf6 2. c4 g6 3. Nc3 Bg7 4. e4 d6 5. d4 O-O 6. Be2 e5 7. O-O Nc6 8. d5
Ne7 9. Ne1 Ne8 10. Be3 f5 11. f3 f4 12. Bf2 g5 13. Nd3 Ng6 14. c5 Rf7 15. a4 h5
16. Rc1 Bf8 17. Nb5 a6 18. Na3 Nf6 19. Nc4 g4 20. cxd6 Bxd6 21. Qb3 g3 22. hxg3
fxg3 23. Bxg3 Qe7 24. Rc2 h4 25. Bh2 Nh5 26. Qc3 Ng3 27. Rf2 Qg5 28. Nxd6 cxd6
29. Qd2 Nf4 30. Nxf4 exf4 31. Qb4 Qg6 32. Qb6 Rf8 33. Qd4 h3 34. Bd3 Qg5 35.
Rc7 hxg2 36. Bc4 Bh3 37. e5 Rae8 38. e6 Rf5 39. Bd3 Re5 40. Bh7+ Kh8 41. Be4
Nf5 42. Bxf5 Qxf5 43. Rc1 Kh7 44. Rd2 Rf8 45. Qd3 Re3 46. Qxf5+ Rxf5 47. Kf2
Kg6 48. Bxf4 Rb3 49. Rd4 Rxb2+ 50. Kg3 Rc2 51. Rcd1 Re2 52. Kxh3 Rh5+ 53. Kg4
Rh1 54. Bxd6 g1=Q+ 55. Rxg1 Rxg1+ 56. Kf4 Rg5 57. Be7 Rf5+ 58. Kg3 Re3 59. Rg4+
Kh7 60. Rh4+ Kg6 61. Rg4+ Kh7 62. Rh4+ Kg6 1/2-1/2

[Event "Madrid-ch Previa B 2014-2015"]
[Site "Madrid ESP"]
[Date "2015.02.07"]
[Round "3.3"]
[White "Castro Uceda, Jose Antonio"]
[Black "Marcos Herrero, Francisco"]
[Result "0-1"]
[WhiteElo "1604"]
[BlackElo "1921"]
[PlyCount "54"]
[EventDate "2015.02.05"]
[EventType "swiss"]
[EventRounds "9"]
[EventCountry "ESP"]
[Source "lmi"]
[SourceDate "2015.02.05"]

1. d4 Nf6 2. c4 c5 3. d5 b5 4. e3 Bb7 5. Nf3 g6 6. Bd3 Bg7 7. O-O O-O 8. Nbd2
bxc4 9. Bxc4 e6 10. dxe6 fxe6 11. Qc2 d5 12. Be2 Qb6 13. Rb1 Nc6 14. b3 Nb4 15.
Qb2 Ne4 16. Qa3 Nc2 17. Qa4 Nc3 18. Qh4 Nxe2+ 19. Kh1 Qc6 20. Bb2 d4 21. e4 h6
22. Nc4 Qxe4 23. Qe7 Rae8 24. Qxc5 Qxf3 25. Rg1 Qd5 26. Qc7 Rxf2 27. Ne3 Nxe3
0-1